Регионална библиотека "Любен Каравелов" - Русе

Езеро и облаче | Приказка за избягалата нощ (Запис номер 142520)

MARC детайли
000 -Лидер
Контролно поле с фиксирана дължина 01273nam a2200313 c 4500
003 - Код на организацията, давaща контролен номер
Контролно поле BLK
005 - Дата и час на последна редакция
Контролно поле 20180422112414.0
008 - Елементи от данни с фиксирана дължина
fixed length control field 180409b bul|||||r ||||||| ||bul||
010 ## - Наследен системен номер
LC control number KNG00148613000
040 ## - Източник на каталожния запис
Идентификатор на билиотеката - собственик на записа BLK
041 ## - Код за език
Код за езика на текст/звукозапис или на отделно заглавие Български
Код за езика КДБФ Български
080 ## - УДК
Текстов определител УДК Българска литература
УДК код - определител по УДК 821.163.2
УДК определител -93-34
УДК - код + определител 821.163.2-93-34
100 1# - Редна дума - Автор
Автор Табакова, Даря
Авторска отговорност първи автор
R(LIN) 377136
139 ## - Редно поле
Редна дума Табакова, Даря
Авторски знак Та - Т 12
245 10 - Сведения за заглавието
Заглавие Езеро и облаче
Редно поле (дума) Даря Табакова; худож. Иван Гонгалов; * Даря Табакова-Василева.
245 10 - Сведения за заглавието
Заглавие Приказка за избягалата нощ
Подзаглавни данни Приказки за предучилищна възраст
Редно поле (дума)
257 ## - Страна на издаване
Страна на създаване/издаване България
260 ## - Област на издателските данни
-- София
Име на издателя, разпространителя и проч. Бълг. художник
Година на издаване 1987
300 ## - Физическа характеристика
Страници 14 с.
Илюстрации и др. с цв. ил.
Размери/Мащаб 32 см
380 ## - Жанр
Жанр Детска худож. лит.
500 ## - Общи забележки
Забележка 65 120 тир.
700 1# - Други автори (авторска отговорност)
Лично име Гонгалов, Иван
Автороска отговорност (Описва отношението между автора и произведението) худож.
9 (RLIN) 372445
700 1# - Други автори (авторска отговорност)
Лично име Табакова-Василева, Даря
Автороска отговорност (Описва отношението между автора и произведението) *
9 (RLIN) 127237
852 ## - Местоположение
Форматна сигнатура Цб ІІ 18761
856 4# - Електронен адрес и достъп
Електронен формат pdf - файл
Път до файла /url/
856 4# - Електронен адрес и достъп
Електронен формат pdf - файл
Път до файла /url/
942 ## - АРТИКУЛИ
Вид на библиотечния материал Книги
Скрит в OPAC Не
944 ## - СЪЗДАВАНЕ И РЕДАКЦИЯ на ЗАПИСА
Създаване/Редакция Създаване
Дата на регистрацията/редакция 06.08.2013
Статус, дата на статуса 06.08.2013 - от С1,Р / 06.08.2013
Служител, извършил регистрацията/редакцията Айшегюл_Сабриева
944 ## - СЪЗДАВАНЕ И РЕДАКЦИЯ на ЗАПИСА
Създаване/Редакция Редакция
Дата на регистрацията/редакция 06.08.2013
Статус, дата на статуса 06.08.2013 - от С1,Р / 06.08.2013
Служител, извършил регистрацията/редакцията
999 ## - СИСТЕМНИ КОНТРОЛНИ НОМЕРА
Koha biblionumber 142520
Koha biblioitemnumber 142520
Наличности
Код за отписване Код за изгубен артикул Източник на класификационната схема Код за повреда Коз за рестрикции Код за отдаване Артикулен № Име на библиотеката - собственик Име на библиотеката, в която се намира в момента Статус (Текущо местоположение) Дата на вписване в системата Местоположение - отдел Цена в лева Инвентарен номер Систематично азбучна сигнатура Баркод Номер на екземпляра Цена в евро Служебна бележка Служебен тип на артикула
  Не е изгубен Universal Decimal Classification Не е повреден само за читалня ползва се в читалня 235831 Регионална библиотека "Любен Каравелов" Русе Регионална библиотека "Любен Каравелов" Русе Хранилище 1987-01-01 Хранилище 0.55 486734 Цб ІІ 18761 120000486734 1 0.28 Вид: Сф N: стар фонд Дата: 01.01.1987 Книги
Изтеглен Не е изгубен Universal Decimal Classification Не е повреден без рестрикции заемане за дома 235832 Регионална библиотека "Любен Каравелов" Русе Регионална библиотека "Любен Каравелов" Русе Детски отдел 1987-01-01 Детски отдел 0.55 489388 ДХ 886.7/Т 12 489388 2 0.28 Вид: Сф N: стар фонд Дата: 01.01.1987 Дата инв: 17.08.2015 Бележки инв: Д2015 Книги
Изтеглен Не е изгубен Universal Decimal Classification Не е повреден без рестрикции заемане за дома 235833 Регионална библиотека "Любен Каравелов" Русе Регионална библиотека "Любен Каравелов" Русе Детски отдел 1987-01-01 Детски отдел 0.55 571811 ДХ 886.7/Т 12 571811 3 0.28 Вид: Сф N: стар фонд Дата: 01.01.1987 Дата инв: 17.08.2015 Бележки инв: Д2015 Книги
Vip Innovations Ltd, Rousse, Bulgaria 2025